[Event "45th Olympiad Budapest 2024"]
[Site "Budapest"]
[Date "2024.09.20"]
[Round "9.1"]
[White "Bai, Adelard"]
[Black "Ashiku, Franc"]
[Result "1-0"]
[WhiteElo "2378"]
[BlackElo "2400"]
[PlyCount "63"]
[EventDate "2024.09.11"]
[EventType "team"]
[EventRounds "11"]
[EventCountry "HUN"]
[WhiteTeam "Chinese Taipei"]
[BlackTeam "Albania"]
[BlackTeamCountry "ALB"]

1. d4 Nf6 2. c4 g6 3. g3 Bg7 4. Bg2 O-O 5. Nc3 d6 6. Nf3 Nc6 7. O-O a6 8. b3 Rb8 9. Bb2 b5 10. cxb5 axb5 11. Rc1 b4 12. Na4 Na5 13. Qc2 ({RR} 13. d5 e6 14. dxe6 fxe6 15. Qc2 c5 16. Rfd1 Nb7 17. Ne5 Qe8 18. Nc4 Qe7 19. Nab6 d5 20. Be5 Bd7 21. Bxb8 Rxb8 22. Nxd7 Nxd7 23. Nb2 Nd6 24. Na4 Nb5 25. Qd3 Ne5 {½-½ (25) Grachev,B (2693)-Bartel,M (2658) Basel 2012}) 13... c6 14. e4 h5 $146 ({RR} 14... Ba6 15. Rfe1 Nd7 16. e5 Qc7 17. Qe4 e6 18. Qf4 d5 19. Rc2 Bd3 20. Rd2 Bb5 21. Nc5 Nxc5 22. dxc5 Nb7 23. Qxb4 Rfc8 24. Bd4 Bf8 25. Qc3 Qa5 26. Qe3 Ba6 27. Rc1 Ra8 28. h4 Ra7 29. Nh2 {Collins,J-Richardson,D Cleveland 1957 1-0 (37)}) ({RR} 14... Bd7 15. Nd2 Rc8 16. Nc4 Nxc4 17. Qxc4 Qa5 18. Qc2 c5 19. dxc5 Bxa4 20. bxa4 dxc5 21. a3 bxa3 22. Bxa3 Nd7 23. Rfd1 Bd4 24. Bf1 Nb6 25. Bb5 e5 26. Qb3 Rfd8 27. Kg2 Kg7 28. Bxc5 Bxc5 29. Rxd8 {Ribera Caro,J (1920)-Herman Gamazo,I (2129) Llinars del Valles ESP 2024 0-1 (36)}) ({RR} 14... Ba6 15. Rfe1 Bb5 16. Ba1 Bxa4 17. bxa4 e6 18. Nd2 Bh6 19. f4 Qb6 20. Nb3 Bg7 21. Kh1 Rfd8 22. Bf3 Ra8 23. g4 d5 24. e5 Nd7 25. Be2 Rdc8 26. Bd3 Qd8 27. Qf2 Nc4 28. f5 Qg5 29. Rg1 {Pogosyan,S (2442)-Demchenko,A (2632) Sochi 2020 0-1 (37)}) 15. Rfe1 d5 16. e5 Ne4 17. Nh4 g5 18. Bxe4 dxe4 19. Ng2 Bf5 20. f3 Bh7 21. fxe4 h4 22. Qe2 Qc8 23. Qh5 h3 24. Ne3 Bxe4 25. Qxg5 Nb7 26. d5 e6 27. Ng4 Bh7 28. Nf6+ Kh8 29. Re4 exd5 30. Rh4 Bxf6 31. Qxf6+ Kg8 32. e6 1-0

[Event "45th Olympiad Budapest 2024"]
[Site "Budapest"]
[Date "2024.09.20"]
[Round "9.2"]
[White "Pasko, Llambi"]
[Black "Song, Raymond"]
[Result "0-1"]
[WhiteElo "2396"]
[BlackElo "2503"]
[PlyCount "114"]
[EventDate "2024.09.11"]
[EventType "team"]
[EventRounds "11"]
[EventCountry "HUN"]
[WhiteTeam "Albania"]
[BlackTeam "Chinese Taipei"]
[WhiteTeamCountry "ALB"]

1. d4 Nf6 2. c4 e6 3. Nf3 d5 4. Nc3 Bb4 5. Qa4+ Nc6 6. e3 O-O 7. Qc2 Re8 8. Bd2 a6 9. a3 Bd6 10. Rd1 ({RR} 10. h3 Bd7 11. cxd5 exd5 12. Bd3 Na7 13. Qb3 c6 14. Qxb7 Nb5 15. Nxb5 axb5 16. Ne5 Rb8 17. Qa6 Ra8 18. Qb7 Rb8 19. Qa6 Ra8 {½-½ (19) Karjakin,S (2773)-Carlsen,M (2855) Bilbao 2016}) ({RR} 10. h3 Bd7 11. Bd3 dxc4 12. Bxc4 h6 13. Ne4 e5 14. dxe5 Nxe5 15. Nxd6 cxd6 16. Nxe5 dxe5 17. Qb3 Be6 18. Bxe6 Rxe6 19. Rd1 Rb6 20. Qc2 Qd5 21. O-O Qe6 22. Ba5 Rc6 23. Qd3 Rc5 24. Bb4 Rd5 {Bu Xiangzhi (2693)-Santos Latasa,J (2624) Budapest HUN 2024 ½-½ (31)}) 10... Bd7 11. Be2 $146 ({RR} 11. Bc1 h6 12. c5 Bf8 13. b4 Qe7 14. Be2 Rad8 15. O-O g6 16. Rfe1 Bg7 17. Bb2 Bc8 18. h3 g5 19. e4 dxe4 20. Nxe4 Nd5 21. Bc4 f5 22. Ng3 Qf7 23. Bc1 Bf6 24. Qb3 Kh8 25. Nxf5 exf5 {Debashis,D (2501)-Ganguly,S (2635) Chess.com INT 2020 1-0 (46)}) ({RR} 11. Bc1 dxc4 12. Bxc4 h6 13. O-O e5 14. dxe5 Nxe5 15. Nxe5 Bxe5 16. Nd5 Bd6 17. b4 Be6 18. g3 Nxd5 19. Bxd5 Bxd5 20. Rxd5 Qe7 21. Rfd1 Qe4 22. Qe2 Re6 23. Bb2 Rae8 24. R1d4 Qb1+ 25. Rd1 Qe4 {Wojtaszek,R (2722)-Vidit,S (2711) Prague 2019 ½-½}) ({RR} 11. h3 h6 12. Bd3 dxc4 13. Bxc4 b5 14. Ba2 e5 15. O-O e4 16. Nh2 b4 17. Nd5 Nxd5 18. Bxd5 Bxh3 19. Qxc6 Bxg2 20. Kxg2 Qg5+ 21. Kh1 Bxh2 22. Qd7 Bd6 23. Bxf7+ Kf8 24. f4 Qh4+ 25. Kg2 Re7 {Esipenko,A (2654)-Navara,D (2717) Chess.com INT 2020 ½-½ (34)}) 11... dxc4 12. Bxc4 h6 13. Be2 e5 14. d5 Ne7 15. e4 Ng6 16. O-O Nh5 17. Ne1 Nhf4 18. Kh1 Qf6 19. Be3 c6 20. g3 Nxe2 21. Qxe2 c5 22. Nd3 Qe7 23. f4 exf4 24. gxf4 c4 25. Ne1 Bh3 26. Rf2 f5 27. e5 Bg4 28. Qxc4 Rac8 29. Qd3 Bxe5 30. fxe5 Nxe5 31. Qd4 Bxd1 32. d6 Qe6 33. Qxd1 Rc6 34. Bf4 Rxd6 35. Qc2 Rdd8 36. Bxe5 Qxe5 37. Nf3 Qc5 38. Re2 Qc4 39. Rxe8+ Rxe8 40. Kg2 Qg4+ 41. Kf2 Kh7 42. Qd2 Re6 43. Ne2 Qc4 44. Ned4 Rb6 45. b3 Qc5 46. b4 Qd5 47. Qc2 Rf6 48. h4 a5 49. b5 Qe4 50. Qc4 b6 51. a4 Rd6 52. Qc3 f4 53. Qc4 Rd5 54. Kf1 Rc5 55. Qf7 Rc3 56. Kf2 Ra3 57. Qc4 Rxf3+ 0-1

[Event "45th Olympiad Budapest 2024"]
[Site "Budapest"]
[Date "2024.09.20"]
[Round "9.3"]
[White "Yang, Ching Wei Austin"]
[Black "Mehmeti, Dritan"]
[Result "0-1"]
[WhiteElo "2121"]
[BlackElo "2364"]
[PlyCount "64"]
[EventDate "2024.09.11"]
[EventType "team"]
[EventRounds "11"]
[EventCountry "HUN"]
[WhiteTeam "Chinese Taipei"]
[BlackTeam "Albania"]
[BlackTeamCountry "ALB"]

1. e4 c5 2. Nf3 d6 3. d4 cxd4 4. Nxd4 Nf6 5. Nc3 h6 6. f3 a6 7. Be3 e5 8. Nb3 Be6 ({RR} 8... Be7 9. Qd2 Be6 10. Be2 Nbd7 11. Nd5 Nxd5 12. exd5 Bf5 13. Na5 Bh4+ 14. g3 Bg5 15. Nxb7 Qc7 16. Bxg5 Qxb7 17. Be3 Qxb2 18. O-O O-O 19. c4 Rfb8 20. Qxb2 Rxb2 21. Rf2 a5 22. Re1 Rxa2 23. Bd3 {Zeneli,K (2203)-Aczel,G (2502) Prishtina KOS 2024 ½-½ (69)}) 9. Qd2 Nbd7 10. O-O-O h5 $146 ({RR} 10... Rc8 11. Kb1 b5 12. g4 Nb6 13. Qf2 Nfd7 14. Nd5 Bxd5 15. exd5 Be7 16. h4 Qc7 17. Rh2 Nc4 18. Bc1 Bd8 19. Bd3 Ndb6 20. Qe2 Qb7 21. Bf5 Rc7 22. g5 g6 23. Be4 h5 24. f4 Qc8 25. Qd3 {Wendel,S (2271)-Cherny,A (2179) Hessen 2017 0-1 (42)}) 11. Kb1 Qc7 12. Nd5 Bxd5 13. exd5 Be7 14. c4 b6 15. Bd3 a5 16. Na1 O-O 17. Nc2 Nc5 18. Bxc5 bxc5 19. Ne3 e4 20. Bc2 Rfb8 21. Ba4 Bf8 22. f4 g6 23. Bb5 a4 24. g4 hxg4 25. f5 Qe7 26. Rhg1 Bg7 27. Rg3 a3 28. fxg6 fxg6 29. Nxg4 axb2 30. Nxf6+ Qxf6 31. Rdg1 Rf8 32. Rxg6 Qxg6 0-1

[Event "45th Olympiad Budapest 2024"]
[Site "Budapest"]
[Date "2024.09.20"]
[Round "9.4"]
[White "Veleshnja, Zino"]
[Black "Wang, Ting-Hao"]
[Result "1/2-1/2"]
[WhiteElo "2294"]
[BlackElo "1842"]
[PlyCount "152"]
[EventDate "2024.09.11"]
[EventType "team"]
[EventRounds "11"]
[EventCountry "HUN"]
[WhiteTeam "Albania"]
[BlackTeam "Chinese Taipei"]
[WhiteTeamCountry "ALB"]

1. d4 d5 2. Bf4 Nf6 3. e3 c5 4. c3 e6 5. Nd2 Bd6 6. Bg3 Qc7 7. Ngf3 Nbd7 8. Bd3 O-O 9. Qe2 e5 10. dxe5 Nxe5 11. Nxe5 Bxe5 12. Bxe5 ({RR} 12. Nf3 Bxg3 13. hxg3 h6 14. O-O-O Bg4 15. Qc2 Rad8 16. Bf5 b5 17. Rh4 Bxf5 18. Qxf5 Ne4 19. Nd2 Nf6 20. g4 Rfe8 21. Nf3 Ne4 22. g5 g6 23. Qf4 Qxf4 24. exf4 Nxf2 25. gxh6 Nxd1 26. Kxd1 f6 {Dourerassou,J (2416)-Zavgorodniy,S (2379) chess.com INT 2024 0-1 (50)}) 12... Qxe5 13. Nf3 Qe7 14. O-O $146 ({RR} 14. O-O-O Rb8 15. h3 b5 16. g4 b4 17. c4 Be6 18. Nh4 Rfd8 19. Nf5 Bxf5 20. Bxf5 a5 21. g5 Ne4 22. cxd5 c4 23. Rd4 Nd6 24. Bb1 a4 25. Bxh7+ Kf8 26. Bb1 a3 27. Qh5 Qe5 28. Qh8+ Ke7 {Jaskolka,T (2238)-Averjanov,A (2399) chess.com INT 2023 1-0 (60)}) ({RR} 14. h3 b6 15. O-O-O Bb7 16. Kb1 Ne4 17. Nd2 Rad8 18. Nxe4 dxe4 19. Bc4 Rxd1+ 20. Rxd1 Rd8 21. Kc2 g6 22. Rxd8+ Qxd8 23. Qd2 Qxd2+ 24. Kxd2 Kg7 25. a4 a5 26. b4 axb4 27. cxb4 cxb4 28. Kc2 Bc6 {Jaskolka,T (2194)-Averjanov,A (2399) Chess.com INT 2022 ½-½ (67)}) 14... Bg4 15. Rfd1 Rfd8 16. h3 Bh5 17. c4 dxc4 18. Bxc4 Rxd1+ 19. Rxd1 Rd8 20. Rxd8+ Qxd8 21. g4 Bg6 22. Ne5 Qe7 23. f4 Ne8 24. Qh2 Kh8 25. f5 f6 26. Nxg6+ hxg6 27. Qf2 g5 28. h4 Qe4 29. Be2 Qe5 30. hxg5 fxg5 31. Qf3 Nd6 32. b3 Kg8 33. Kg2 Qe4 34. Qxe4 Nxe4 35. Bf3 Nd6 36. Bd5+ Kf8 37. e4 b6 38. a4 Ke7 39. e5 Ne8 40. Kf3 Nc7 41. Bb7 Kf7 42. Ke4 Ke7 43. Kd3 Kf7 44. Kc4 Ke7 45. Bd5 Kf8 46. a5 Ke7 47. Bc6 Kf7 48. axb6 axb6 49. Kd3 Ke7 50. Ke3 Kf7 51. Ke4 Ke7 52. Bd5 Na6 53. Bg8 Nb4 54. Bc4 Nc6 55. Bd3 Nb4 56. Be2 Nc6 57. Kd5 Nb4+ 58. Kc4 Nc6 59. Kd5 Nb4+ 60. Ke4 Nc6 61. Bf3 Nd4 62. Bd1 Nc6 63. Kd5 Nb4+ 64. Kc4 Nc6 65. f6+ gxf6 66. exf6+ Kxf6 67. Kb5 Ne5 68. Kxb6 c4 69. Kc5 cxb3 70. Bxb3 Nxg4 71. Kd4 Kf5 72. Kd3 Kf4 73. Ke2 Kg3 74. Be6 Nh2 75. Bc8 g4 76. Bxg4 Kxg4 1/2-1/2

[Event "45th Olympiad Budapest 2024"]
[Site "Budapest"]
[Date "2024.09.20"]
[Round "9.1"]
[White "Tran, Thanh Tu"]
[Black "Ahmad, Al Khatib"]
[Result "1-0"]
[WhiteElo "2387"]
[BlackElo "2302"]
[PlyCount "59"]
[EventDate "2024.09.11"]
[EventType "team"]
[EventRounds "11"]
[EventCountry "HUN"]
[WhiteTeam "Japan"]
[BlackTeam "Jordan"]
[WhiteTeamCountry "JPN"]
[BlackTeamCountry "JOR"]

1. d4 Nf6 2. Nf3 e6 3. Bf4 c5 4. e3 cxd4 5. exd4 b6 6. c3 Bb7 7. Nbd2 Be7 8. h3 O-O 9. Bd3 d6 10. O-O Nbd7 11. Re1 Re8 12. Qc2 a6 13. Ne4 Nxe4 14. Bxe4 Bxe4 15. Qxe4 Nf6 16. Qd3 b5 17. a4 $146 ({RR} 17. Bg5 Qb6 18. a4 h6 19. Bxf6 Bxf6 20. d5 exd5 21. axb5 Qxb5 22. Qxb5 axb5 23. Rxe8+ Rxe8 24. Ra5 Rb8 25. Kf1 Rb6 26. Nd4 Bxd4 27. cxd4 Kf8 28. Ke2 Ke7 29. Kd3 Ke6 30. Ra7 Rb8 31. Rc7 g5 {Jakab,A (2411)-Horvath,P (2464) Budapest 2004 0-1 (78)}) ({RR} 17. Nd2 Qb6 18. Bg5 Qb7 19. Qf3 Qxf3 20. Nxf3 Rab8 21. Re2 h6 22. Bd2 Rec8 23. Ne1 a5 24. Nd3 Nd5 25. a3 Bf6 26. Nf4 Nb6 27. Nd3 Rc6 28. g3 Nd5 29. Be3 b4 30. axb4 axb4 31. cxb4 Rc4 {Sarkisian,D (2168)-Gurevich,D (2497) Las Vegas 2004 0-1 (39)}) 17... Qb6 18. axb5 axb5 19. Bg5 Qb7 20. Nd2 Nd5 21. Bxe7 Nxe7 22. Ne4 Rxa1 23. Rxa1 Qd5 24. Ra5 Rb8 25. Ra7 Ng6 26. Qe3 h6 27. Rd7 b4 28. Qf3 Rf8 29. Rxd6 Qb7 30. Nf6+ 1-0

[Event "45th Olympiad Budapest 2024"]
[Site "Budapest"]
[Date "2024.09.20"]
[Round "9.2"]
[White "Saif, Malek"]
[Black "Nanjo, Ryosuke"]
[Result "1/2-1/2"]
[WhiteElo "2162"]
[BlackElo "2372"]
[PlyCount "77"]
[EventDate "2024.09.11"]
[EventType "team"]
[EventRounds "11"]
[EventCountry "HUN"]
[WhiteTeam "Jordan"]
[BlackTeam "Japan"]
[WhiteTeamCountry "JOR"]
[BlackTeamCountry "JPN"]

1. e4 e5 2. Nf3 Nc6 3. d4 exd4 4. Bc4 Bc5 5. c3 Nf6 6. e5 d5 7. Bb5 Ne4 8. cxd4 Bb6 9. Nc3 O-O 10. O-O Bg4 11. Bxc6 bxc6 12. Re1 f6 13. Nxe4 dxe4 14. Rxe4 Bxf3 15. gxf3 $146 ({RR} 15. Qxf3 fxe5 16. Qb3+ Kh8 17. dxe5 Rxf2 18. Be3 Re2 19. Rd1 Qg5 {0-1 (19) Buczak,K (2139)-Sabuk,P (2381) Police 2017}) 15... fxe5 16. Qb3+ Kh8 17. dxe5 Rb8 18. Kg2 Bxf2 19. Qc3 Qd5 20. Bf4 Bc5 21. b3 Be7 22. Rc1 c5 23. Qc4 Qd8 24. Be3 Rb4 25. Qc2 Qd5 26. Rf1 Rxe4 27. Qxe4 Qxe4 28. fxe4 Rxf1 29. Kxf1 g5 30. Ke2 Kg7 31. Kd3 Kf7 32. Kc4 c6 33. a4 Ke6 34. a5 a6 35. Bxc5 Bd8 36. Bb6 Be7 37. Bc5 Bd8 38. Bb6 Be7 39. Bc5 1/2-1/2

[Event "45th Olympiad Budapest 2024"]
[Site "Budapest"]
[Date "2024.09.20"]
[Round "9.3"]
[White "Aoshima, Mirai"]
[Black "Anas, Khwaira"]
[Result "1-0"]
[WhiteElo "2385"]
[BlackElo "1994"]
[PlyCount "51"]
[EventDate "2024.09.11"]
[EventType "team"]
[EventRounds "11"]
[EventCountry "HUN"]
[WhiteTeam "Japan"]
[BlackTeam "Jordan"]
[WhiteTeamCountry "JPN"]
[BlackTeamCountry "JOR"]

1. d4 Nf6 2. c4 g6 3. Nc3 Bg7 4. e4 d6 5. h3 O-O 6. Be3 Nbd7 7. g4 a6 ({RR} 7... e5 8. d5 Nc5 9. f3 a5 10. Nge2 Nfd7 11. h4 f5 12. g5 fxe4 13. fxe4 Nb6 14. Ng3 Rf4 15. Be2 a4 16. Qd2 Bd7 17. O-O-O Qe7 18. Kc2 Bg4 19. Rdf1 Rxf1 20. Rxf1 Qd7 21. Bxc5 dxc5 22. Nd1 {Bartel,M (2648)-Van Foreest,J (2682) Chess.com INT 2020 0-1}) 8. Nf3 ({RR} 8. f4 c5 9. dxc5 Nxc5 10. Bxc5 dxc5 11. Qxd8 Rxd8 12. e5 Nd7 13. Rd1 g5 14. Nf3 gxf4 15. Rh2 Re8 16. Re2 Nf8 17. Nd5 Ne6 18. Nb6 Rb8 19. Re4 h6 20. h4 Rd8 21. Rxd8+ Nxd8 22. Nxc8 Rxc8 {Maldonado Mena,G (2073)-Hercegovac,N (2278) Prague CZE 2024 0-1 (71)}) 8... c6 $146 ({RR} 8... c5 9. Qd2 Qa5 10. g5 Ne8 11. d5 Nc7 12. a4 b5 13. cxb5 axb5 14. Nxb5 Nxb5 15. Bxb5 Bxb2 16. Qxa5 Rxa5 17. Ra2 Bc3+ 18. Bd2 Bxd2+ 19. Nxd2 Nb6 20. Nb3 Ra7 21. a5 Na8 22. Ke2 Nc7 23. Bc4 {Ernst,S (2538)-Ankerst,M (2370) Chess.com INT 2022 0-1 (59)}) 9. Bg2 Rb8 10. O-O h5 11. g5 Ne8 12. Qd2 Nc7 13. Rad1 b5 14. c5 dxc5 15. dxc5 Re8 16. Nd4 Bb7 17. Nf5 gxf5 18. Qxd7 fxe4 19. Qf5 Qc8 20. Rd7 Ne6 21. g6 Qxd7 22. gxf7+ Kf8 23. fxe8=Q+ Kxe8 24. Rd1 Qc8 25. Bxe4 Bf6 26. Qh7 1-0

[Event "45th Olympiad Budapest 2024"]
[Site "Budapest"]
[Date "2024.09.20"]
[Round "9.4"]
[White "Rakan, Dasa"]
[Black "Kojima, Shinya"]
[Result "0-1"]
[WhiteElo "1976"]
[BlackElo "2299"]
[PlyCount "48"]
[EventDate "2024.09.11"]
[EventType "team"]
[EventRounds "11"]
[EventCountry "HUN"]
[WhiteTeam "Jordan"]
[BlackTeam "Japan"]
[WhiteTeamCountry "JOR"]
[BlackTeamCountry "JPN"]

1. e4 c6 2. d4 d5 3. Nd2 dxe4 4. Nxe4 Bf5 5. Ng3 Bg6 6. h4 h6 7. Nf3 Nd7 8. Bc4 e6 9. Bf4 Ngf6 10. c3 Be7 11. Ne5 Nxe5 12. Bxe5 O-O 13. h5 $146 ({RR} 13. Qf3 Nd7 14. h5 Nxe5 15. dxe5 Bh7 16. O-O Qa5 17. Rfe1 Rad8 18. b4 Qc7 19. Rad1 Rxd1 20. Rxd1 Qxe5 21. Rd7 Bf6 22. Rxb7 Qxc3 23. Qxc6 Bd3 24. Rc7 Qe1+ 25. Kh2 Qxf2 26. Bxd3 Be5 27. Bh7+ Kh8 {Stromboli,E (2308)-Liang,J (2340) Chess.com INT 2020 0-1}) 13... Bh7 14. Bxf6 Bxf6 15. O-O Qb6 16. Bd3 Bxd3 17. Qxd3 Rfd8 18. Qe2 Rd5 19. Ne4 Be7 20. Rad1 Rad8 21. b4 Qc7 22. g3 e5 23. dxe5 Qxe5 24. Rde1 Qxh5 0-1

[Event "45th Olympiad Budapest 2024"]
[Site "Budapest"]
[Date "2024.09.20"]
[Round "9.1"]
[White "Zambrana, Osvaldo"]
[Black "Christie, Joshua"]
[Result "1-0"]
[WhiteElo "2405"]
[BlackElo "2271"]
[PlyCount "83"]
[EventDate "2024.09.11"]
[EventType "team"]
[EventRounds "11"]
[EventCountry "HUN"]
[WhiteTeam "Bolivia"]
[BlackTeam "Jamaica"]
[WhiteTeamCountry "BOL"]
[BlackTeamCountry "JAM"]

1. e4 e5 2. Nf3 Nc6 3. Bc4 Nf6 4. d3 Be7 5. O-O O-O 6. Re1 d6 7. a4 h6 8. h3 Re8 9. a5 a6 10. c3 Be6 11. Nbd2 Bf8 12. Qb3 Rb8 13. Bxe6 fxe6 $146 ({RR} 13... Rxe6 14. Nc4 Re8 15. Ne3 Ne7 16. Nh4 d5 17. Nef5 c6 18. Be3 Kh7 19. Bb6 Qd7 20. Rad1 g6 21. Nxe7 Bxe7 22. Nf3 Bf8 23. exd5 Nxd5 24. Nxe5 Qf5 25. Nf3 Nf4 26. Nd4 Qg5 27. Qxf7+ Bg7 28. g3 {Mitusov,S (2304)-Zheenbekov,N (2107) Chess.com INT 2022 1-0}) 14. Nc4 g5 15. Ne3 Qd7 16. Qc2 Bg7 17. b4 Qf7 18. Rb1 Ra8 19. Nc4 g4 20. hxg4 Nxg4 21. Ne3 Nf6 22. Nf1 Nh5 23. Re3 Rf8 24. Nh4 Nf4 25. Rg3 Qh5 26. Nf3 Rf6 27. N1h2 Qf7 28. Be3 Rg6 29. Nh4 Rxg3 30. fxg3 Nh5 31. g4 Nf4 32. g3 Nh3+ 33. Kg2 Ng5 34. Qd2 Bf6 35. N2f3 Nxf3 36. Nxf3 Qg6 37. Rh1 Qxg4 38. Rxh6 Qg7 39. Qd1 Kf7 40. Qh1 Rh8 41. Ng5+ Ke7 42. Nh7 1-0

[Event "45th Olympiad Budapest 2024"]
[Site "Budapest"]
[Date "2024.09.20"]
[Round "9.2"]
[White "Smith, Shreyas"]
[Black "Gemy, Jose Daniel"]
[Result "1-0"]
[WhiteElo "2226"]
[BlackElo "2315"]
[PlyCount "69"]
[EventDate "2024.09.11"]
[EventType "team"]
[EventRounds "11"]
[EventCountry "HUN"]
[WhiteTeam "Jamaica"]
[BlackTeam "Bolivia"]
[WhiteTeamCountry "JAM"]
[BlackTeamCountry "BOL"]

1. e4 e5 2. Nf3 Nc6 3. Bc4 Bc5 4. d3 Nf6 5. Bg5 h6 6. Bh4 Be7 7. Bxf6 Bxf6 8. a4 d6 9. Nc3 g6 10. Nd5 Bg7 11. a5 a6 12. c3 O-O 13. h4 Be6 14. h5 Nxa5 $146 ({RR} 14... g5 15. Nd2 Nxa5 16. Rxa5 c6 17. Qa1 b5 18. Rxa6 Rxa6 19. Qxa6 bxc4 20. Qxc6 cxd3 21. Nc4 g4 22. Nce3 g3 23. fxg3 Qg5 24. Kd2 Rb8 25. b4 Qxg3 26. Rf1 Kh8 27. b5 Qh4 28. Kxd3 Qg3 29. b6 {Antipov,M (2602)-Mikhalevski,V (2499) Philadelphia USA 2024 1-0 (39)}) 15. hxg6 Nxc4 16. gxf7+ Bxf7 17. dxc4 Bg6 18. Qd3 c6 19. Nh4 cxd5 20. Nxg6 dxc4 21. Qd5+ Rf7 22. Nh4 Qb6 23. Nf5 Rd8 24. O-O-O Qb5 25. Qe6 Qd7 26. Qxc4 Qc7 27. Qe6 Qd7 28. Nxg7 Qxe6 29. Nxe6 Re8 30. Rxh6 Rxf2 31. g4 b5 32. Rxd6 b4 33. Rd7 Rf7 34. Rxf7 Kxf7 35. Ng5+ 1-0

[Event "45th Olympiad Budapest 2024"]
[Site "Budapest"]
[Date "2024.09.20"]
[Round "9.3"]
[White "Pinto, Daniel"]
[Black "Shaw, Jaden"]
[Result "1-0"]
[WhiteElo "2273"]
[BlackElo "2051"]
[PlyCount "99"]
[EventDate "2024.09.11"]
[EventType "team"]
[EventRounds "11"]
[EventCountry "HUN"]
[WhiteTeam "Bolivia"]
[BlackTeam "Jamaica"]
[WhiteTeamCountry "BOL"]
[BlackTeamCountry "JAM"]

1. e4 e6 2. d4 d5 3. e5 c5 4. c3 Ne7 5. Nf3 Nec6 6. h4 h6 ({RR} 6... Nd7 7. h5 f6 8. Qe2 cxd4 9. cxd4 fxe5 10. dxe5 Bb4+ 11. Bd2 O-O 12. g3 Qc7 13. Bh3 Ndxe5 14. Nxe5 Nd4 15. Qg4 Qxe5+ 16. Kf1 Bc5 17. Nc3 Nc2 18. Bf4 Qd4 19. Qe2 Nxa1 20. Kg2 Qxf2+ 21. Qxf2 {Rusonik,M (2196)-Ivanov,M (2374) Toronto CAN 2024 0-1}) 7. h5 b6 8. a4 $146 ({RR} 8. Be3 Ba6 9. Bxa6 Nxa6 10. Qa4 Nab8 11. Na3 Qd7 12. Nb5 a6 13. dxc5 bxc5 14. Rh4 Qb7 15. Nd6+ Bxd6 16. exd6 Nd7 17. Rd1 c4 18. b3 Qb5 19. Qa3 Nde5 20. Nxe5 Nxe5 21. Bd4 Nd3+ 22. Kf1 O-O {Genocchio,D (2201)-Dittmar,P (2364) Montecatini Terme 2000 0-1}) ({RR} 8. Rh3 a5 9. a4 Ba6 10. Na3 Bxf1 11. Kxf1 cxd4 12. cxd4 Bxa3 13. bxa3 Ne7 14. Nh4 Nbc6 15. Rb1 Kd7 16. Qg4 Rg8 17. Qf4 Qc7 18. Rhb3 Rab8 19. Be3 Ke8 20. Qg4 Kd7 21. Qf4 Ke8 22. Kg1 Kd7 {Giri,A (2775)-Demidov,M (2587) chess.com INT 2023 ½-½ (80)}) ({RR} 8. Be3 Ba6 9. Bxa6 Nxa6 10. Qa4 {½-½ (10) Vlasak,L (2008)-Trmota,Z (2159) Klatovy 2007}) ({RR} 8. Be3 Ba6 9. Nbd2 Qc8 10. g4 Bxf1 11. Kxf1 Qa6+ 12. Kg2 cxd4 13. cxd4 Be7 14. Nf1 Na5 15. b3 Nd7 16. Ng3 Nc6 17. g5 hxg5 18. Bxg5 Ba3 19. Bc1 O-O-O 20. Bxa3 Qxa3 21. Ng5 Rhf8 22. Qg4 Qb4 {Stevic,H (2570)-Martinez Reyes,P (2415) Chess.com INT 2020 1-0 (47)}) 8... Ba6 9. Rh3 Qc7 10. Na3 cxd4 11. cxd4 Bb4+ 12. Bd2 Qe7 13. Nb5 O-O 14. Rc1 Bxb5 15. axb5 Na5 16. Rg3 Nd7 17. Bxb4 Qxb4+ 18. Qd2 Qxd2+ 19. Nxd2 Rfd8 20. b4 Nc4 21. Nxc4 dxc4 22. Ra3 Nf8 23. Rxc4 Rd5 24. Be2 Rad8 25. Rxa7 Rxd4 26. Rac7 R4d5 27. f4 Ra8 28. Bf3 Ra1+ 29. Kf2 Rd2+ 30. Kg3 g6 31. Rb7 Rd7 32. Rb8 f6 33. Rcc8 Kh7 34. Rxf8 gxh5 35. Rh8+ Kg6 36. Be4+ f5 37. Bf3 Rh1 38. Rbg8+ Kf7 39. Rh7+ Kxg8 40. Rxd7 h4+ 41. Kf2 Rb1 42. Rd6 Rxb4 43. Rxb6 Kf7 44. Rb8 Rxf4 45. b6 h3 46. gxh3 Rb4 47. b7 Rb2+ 48. Kg3 f4+ 49. Kxf4 Rb4+ 50. Be4 1-0

[Event "45th Olympiad Budapest 2024"]
[Site "Budapest"]
[Date "2024.09.20"]
[Round "9.4"]
[White "McKennis, Darren"]
[Black "Montevilla Cahuasa, Jonathan I."]
[Result "1/2-1/2"]
[WhiteElo "1905"]
[BlackElo "2064"]
[PlyCount "174"]
[EventDate "2024.09.11"]
[EventType "team"]
[EventRounds "11"]
[EventCountry "HUN"]
[WhiteTeam "Jamaica"]
[BlackTeam "Bolivia"]
[WhiteTeamCountry "JAM"]
[BlackTeamCountry "BOL"]

1. d4 Nf6 2. c4 e6 3. Nf3 Bb4+ 4. Nbd2 d5 5. e3 O-O 6. a3 Be7 7. Bd3 c5 8. dxc5 a5 9. Rb1 Bxc5 ({RR} 9... Na6 10. b4 axb4 11. axb4 b6 12. cxb6 Nxb4 13. Be2 Qxb6 14. O-O Bd7 15. Qb3 Rfb8 16. Bb2 Ba4 17. Qc3 Qc7 {½-½ (17) Jussupow,A (2635)-Nikolic,P (2620) Tilburg 1987}) ({RR} 9... a4 10. cxd5 exd5 11. b4 axb3 12. Nxb3 Nbd7 13. O-O Nxc5 14. Nxc5 Bxc5 15. Bb2 b6 16. Nd4 Bd7 17. Ra1 Re8 18. Qc2 Ba4 19. Qe2 Bd7 20. Rfd1 Qe7 21. Qf3 Bxa3 22. Nf5 Bxf5 23. Bxf6 Qxf6 24. Bxf5 {Drygalov,S (2547)-Kleiman,J (2399) chess.com INT 2024 1-0 (62)}) 10. b4 Be7 $146 ({RR} 10... axb4 11. axb4 Be7 12. O-O dxc4 13. Nxc4 Nc6 14. b5 Nb4 15. Be2 Qxd1 16. Bxd1 Nbd5 17. Bc2 Nc3 18. Rb2 Ne2+ 19. Kh1 Nxc1 20. Rxc1 Bd7 21. Nfe5 Rfd8 22. Nxd7 Nxd7 23. Rd1 Rac8 24. Na5 Bf6 25. Ra2 {Jankovic,A (2477)-Kurajica,B (2541) Solin/Split 2004 ½-½}) ({RR} 10... axb4 11. axb4 Be7 12. O-O dxc4 13. Nxc4 Na6 14. b5 Nc5 15. Bc2 Bd7 16. Qd4 Ra2 17. Rb2 Bxb5 18. Bxh7+ Kxh7 19. Rxb5 Qxd4 20. exd4 Nce4 21. Rxb7 Nd5 22. Ne3 Nec3 23. Nxd5 Nxd5 24. Bg5 f6 25. Bd2 {Dizdar,G (2499)-Bauer,C (2639) Austria 2013 ½-½ (77)}) ({RR} 10... axb4 11. axb4 Be7 12. O-O dxc4 13. Nxc4 Na6 14. b5 Nb4 15. Be2 Qxd1 16. Bxd1 Nbd5 17. Bc2 Nc3 18. Rb2 Ne2+ 19. Kh1 Nxc1 20. Rxc1 Bd7 21. Nfe5 Rfd8 22. Nxd7 Nxd7 23. Rd1 Nc5 24. Rxd8+ Rxd8 25. g3 {Sebenik,M (2516)-Tratar,M (2489) Slovenia 2014 ½-½ (31)}) 11. O-O Na6 12. c5 Qc7 13. Nd4 e5 14. Nf5 Bxf5 15. Bxf5 axb4 16. axb4 b6 17. cxb6 Qxb6 18. b5 Nb4 19. Bb2 e4 20. Bc3 Qxb5 21. Rxb4 Bxb4 22. Bxf6 Ra6 23. Bd4 g6 24. Bg4 Ra2 25. Nb3 f5 26. Bh3 Bd6 27. Bc5 Qc6 28. Bxd6 Qxd6 29. g3 Rb8 30. Nd4 Qa6 31. Nxf5 Qd3 32. Qxd3 exd3 33. Ne7+ Kf8 34. Nxd5 Rab2 35. Nc3 Rc2 36. Nd1 h5 37. Bg2 g5 38. Be4 Rd2 39. h3 g4 40. hxg4 hxg4 41. f3 gxf3 42. Rxf3+ Ke7 43. Nf2 Rb1+ 44. Kg2 Rbb2 45. g4 Rb4 46. Bf5 Ra2 47. Kg3 d2 48. Nd1 Rc4 49. Kf2 Rc1 50. Ke2 Kd6 51. Rf1 Ke5 52. Bd3 Ra4 53. Kxd2 Rc7 54. Be2 Ra2+ 55. Ke1 Rh7 56. Rf5+ Kd6 57. Rh5 Rc7 58. g5 Ke5 59. Rh2 Rg7 60. Rg2 Ra3 61. Rg4 Kf5 62. e4+ Ke5 63. Nb2 Rh3 64. Nd3+ Kd6 65. e5+ Ke7 66. Nf4 Ra3 67. Kf2 Ra5 68. Nd3 Ke6 69. Bf3 Kf5 70. Ke3 Rxg5 71. Rf4+ Ke6 72. Bg4+ Ke7 73. Re4 Rg8 74. Kf4 Rf8+ 75. Ke3 Rd8 76. Nb4 Rc5 77. Nd3 Rc3 78. Rd4 Rxd4 79. Kxd4 Ra3 80. Nb4 Ra4 81. Kc4 Ra1 82. Nd5+ Kd8 83. Kb5 Rg1 84. Bf3 Rg5 85. e6 Re5 86. e7+ Rxe7 87. Nxe7 Kxe7 1/2-1/2